| 000 | 00345nam a2200133Ia 4500 | ||
|---|---|---|---|
| 003 | GCL | ||
| 008 | 140319s9999 xx 000 0 eng d | ||
| 040 |
_aGCL / _cGCL |
||
| 082 | 0 | 4 |
_a616.89 _bB A |
| 100 | 1 | _aBOOTZING, RICHARD | |
| 245 | 1 | 0 |
_aABNORMAL PSYCHOLOGY / _cBOOTZING, RICHARD |
| 260 |
_a[S.N] : _bMC GRAW - HILL ، _c1993 |
||
| 300 | _a588 P | ||
| 999 |
_c23674 _d23674 |
||